UBT Library

Exercise physiology : (Record no. 42446)

000 -LEADER
fixed length control field 00862cam a22002414a 4500
001 - CONTROL NUMBER
control field 11982593
005 - DATE AND TIME OF LATEST TRANSACTION
control field 20180214033439.0
008 - FIXED-LENGTH DATA ELEMENTS--GENERAL INFORMATION
fixed length control field 000421s2001 maua b 001 0 eng
010 ## - LIBRARY OF CONGRESS CONTROL NUMBER
LC control number 00032865
020 ## - INTERNATIONAL STANDARD BOOK NUMBER
International Standard Book Number 0072355514 (recycled, acidfree paper)
040 ## - CATALOGING SOURCE
Original cataloging agency DLC
Transcribing agency DLC
Modifying agency DLC
041 ## - LANGUAGE CODE
Language code of text/sound track or separate title eng
042 ## - AUTHENTICATION CODE
Authentication code pcc
080 ## - UNIVERSAL DECIMAL CLASSIFICATION NUMBER
Universal Decimal Classification number 612..044 sco
082 00 - DEWEY DECIMAL CLASSIFICATION NUMBER
Classification number 612..044 sco
Edition number 21
100 1# - Rafti
Rafti 6
101 ## - Shkurtesa
Shkurtesa ana
245 10 - TITLE STATEMENT
Title Exercise physiology :
Statement of responsibility, etc Scott K. Powers, Edward T. Howley.
504 ## - BIBLIOGRAPHY, ETC. NOTE
Bibliography, etc Includes bibliographical references and index.
906 ## - LOCAL DATA ELEMENT F, LDF (RLIN)
a 7
b cbc
c orignew
d 1
e ocip
f 20
g y-gencatlg
942 ## - ADDED ENTRY ELEMENTS (KOHA)
Source of classification or shelving scheme
Item type Books
Holdings
Withdrawn status Lost status Source of classification or shelving scheme Damaged status Not for loan Collection code Permanent location Current location Shelving location Date acquired Total Checkouts Full call number Barcode Date last seen Price effective from Koha item type
          Koleksioni i përgjithshem UBT - Lipjan UBT - Lipjan Koleksioni i përgjithshem 02/14/2018   612..044 sco 002-2998164 02/14/2018 02/14/2018 Books
UBT Library © 2015-2024. All rights reserved University Education for Business and Technology